| 000 | 02039cam a22004934i 4500 | ||
|---|---|---|---|
| 003 | PE-LiUPU | ||
| 005 | 20250731173344.0 | ||
| 008 | 150706s2005 sp rb 000 0 spa d | ||
| 020 | _a9788482675442 | ||
| 035 | _a(Sirsi) i9788482675442 | ||
| 040 |
_aPE-LiUPU _bspa _cPE-LiUPU _erda |
||
| 049 | _aPRUA | ||
| 082 | 0 | 4 |
_a225.1 _bC23 _221 |
| 100 | 1 |
_aCarson, D. A., _eautor. |
|
| 245 | 1 | 4 |
_aUna introducción al Nuevo Testamento / _cD. A. Carson y Douglas J. Moo. |
| 264 | 1 |
_aBarcelona : _bCLIE, _c2005. |
|
| 300 |
_a663 páginas ; _c24 centímetros |
||
| 336 |
_atext _2rdacontent |
||
| 337 |
_aunmediated _2rdamedia |
||
| 338 |
_avolume _2rdacarrier |
||
| 490 | 0 |
_aEstudios bíblicos ; _v27 |
|
| 504 | _aIncluye referencias bibliograficas. | ||
| 505 | 0 | _a Los evangelios Sinópticos -- Mateo -- Marcos -- 1 Lucas -- Juan -- Hechos -- Las cartas del nuevo Testamento -- Pablo: apóstol y Teólogo -- Romanos -- 1y2Corintios -- Gálatas -- Efesios -- Filipenses -- Colosenses -- 1y2 Tesalonicenses -- Las Epístolas pastorales -- Filemón -- Hebreros -- Santiago -- 1Pedro -- 2 Pedro -- 1,2,3 Juan -- Judas -- Apocalipsis -- El canon del Nuevo Testamento. | |
| 526 | _aSEG42 | ||
| 526 | _aSEG41 | ||
| 526 | _aSEG40 | ||
| 526 | _aSEG39 | ||
| 526 | _aP94 | ||
| 526 | _aP87 | ||
| 526 | _aP86 | ||
| 526 | _aP85 | ||
| 526 | _aP77 | ||
| 526 | _aP76 | ||
| 526 | _aP35 | ||
| 541 | _g001-0021169; | ||
| 630 | 0 | 4 |
_aBiblia. _pN.T. _xIntroducciones. |
| 700 | 1 |
_aMoo, Douglas J., _eautor. |
|
| 910 |
_agl _bjv _cng _d20091104 |
||
| 942 |
_2ddc _cBOOK |
||
| 949 |
_a225.1 C23 _wDEWEY _c1 _i60637 _d2016-10-4 _e2016-10-3 _lCCODEBUL1 _mBUL _n3 _p30.00 _r0 _sY _tBOOK _u2015-7-6 _xTEOLOGIA _zUNKNOWN _0COMPRA _o.STAFF. Colección General |
||
| 994 |
_aC0 _bPEPRU |
||
| 596 | _a1 | ||
| 999 |
_a225.1 C23 _wDEWEY _c50052 _i60637 _d50052 _e2022-6-20 _f2021-11-9 _g6 _lCCODEBUL1 _mBUL _n15 _p30.00 _q18 _r0 _sY _tBOOK _u2015-7-6 _xTEOLOGIA _PP35 _0COMPRA _o.STAFF. Colección Teología |
||
| 980 |
_81 _gALBERTO SANCHEZ Responsable de Automatización |
||